<?xml version="1.0" encoding="UTF-8"?><?xml-stylesheet type="text/xsl" href="static/style.xsl"?><OAI-PMH xmlns="http://www.openarchives.org/OAI/2.0/" xmlns:xsi="http://www.w3.org/2001/XMLSchema-instance" xsi:schemaLocation="http://www.openarchives.org/OAI/2.0/ http://www.openarchives.org/OAI/2.0/OAI-PMH.xsd"><responseDate>2026-04-26T22:00:09Z</responseDate><request verb="GetRecord" identifier="oai:uvadoc.uva.es:10324/59062" metadataPrefix="marc">https://uvadoc.uva.es/oai/request</request><GetRecord><record><header><identifier>oai:uvadoc.uva.es:10324/59062</identifier><datestamp>2023-04-10T19:01:11Z</datestamp><setSpec>com_10324_7492</setSpec><setSpec>com_10324_952</setSpec><setSpec>com_10324_894</setSpec><setSpec>col_10324_7493</setSpec></header><metadata><record xmlns="http://www.loc.gov/MARC21/slim" xmlns:doc="http://www.lyncode.com/xoai" xmlns:xsi="http://www.w3.org/2001/XMLSchema-instance" xmlns:dcterms="http://purl.org/dc/terms/" xsi:schemaLocation="http://www.loc.gov/MARC21/slim http://www.loc.gov/standards/marcxml/schema/MARC21slim.xsd">
<leader>00925njm 22002777a 4500</leader>
<datafield tag="042" ind1=" " ind2=" ">
<subfield code="a">dc</subfield>
</datafield>
<datafield tag="720" ind1=" " ind2=" ">
<subfield code="a">Aragonés Sagredo, Ana</subfield>
<subfield code="e">author</subfield>
</datafield>
<datafield tag="720" ind1=" " ind2=" ">
<subfield code="a">Manzanos Martínez de Soria, Tania</subfield>
<subfield code="e">author</subfield>
</datafield>
<datafield tag="720" ind1=" " ind2=" ">
<subfield code="a">Stanosz, Glen</subfield>
<subfield code="e">author</subfield>
</datafield>
<datafield tag="720" ind1=" " ind2=" ">
<subfield code="a">Munck, Isabel A.</subfield>
<subfield code="e">author</subfield>
</datafield>
<datafield tag="720" ind1=" " ind2=" ">
<subfield code="a">Raposo Llobet, Rosa</subfield>
<subfield code="e">author</subfield>
</datafield>
<datafield tag="720" ind1=" " ind2=" ">
<subfield code="a">Elvira Recuenco, Margarita</subfield>
<subfield code="e">author</subfield>
</datafield>
<datafield tag="720" ind1=" " ind2=" ">
<subfield code="a">Berbegal Martínez, Mónica</subfield>
<subfield code="e">author</subfield>
</datafield>
<datafield tag="720" ind1=" " ind2=" ">
<subfield code="a">Mesanza Iturricha, Nebai</subfield>
<subfield code="e">author</subfield>
</datafield>
<datafield tag="720" ind1=" " ind2=" ">
<subfield code="a">Smith, Denise R.</subfield>
<subfield code="e">author</subfield>
</datafield>
<datafield tag="720" ind1=" " ind2=" ">
<subfield code="a">Simmons, Michael</subfield>
<subfield code="e">author</subfield>
</datafield>
<datafield tag="720" ind1=" " ind2=" ">
<subfield code="a">Wyka, Stephen</subfield>
<subfield code="e">author</subfield>
</datafield>
<datafield tag="720" ind1=" " ind2=" ">
<subfield code="a">Iturritxa Vélez del Burgo, Eugenia</subfield>
<subfield code="e">author</subfield>
</datafield>
<datafield tag="260" ind1=" " ind2=" ">
<subfield code="c">2021</subfield>
</datafield>
<datafield tag="520" ind1=" " ind2=" ">
<subfield code="a">Diplodia tip blight is the most ubiquitous and abundant disease in Spanish Pinus radiata plantations. The economic losses in forest stands can be very severe because of its abundance in cones and seeds together with the low genetic diversity of the host. Pinus resinosa is not genetically diverse in North America either, and Diplodia shoot blight is a common disease. Disease control may require management designs to be adapted for each region. The genetic diversity of the pathogen could be an indicator of its virulence and spreading capacity. Our objective was to understand the diversity of Diplodia spp. in Spanish plantations and to compare it with the structure of American populations to collaborate in future management guidelines. Genotypic diversity was investigated using microsatellite markers. Eight loci (SS9–SS16) were polymorphic for the 322 isolates genotyped. The results indicate that Diplodia sapinea is the most frequent Diplodia species present in plantations of the north of Spain and has high genetic diversity. The higher genetic diversity recorded in Spain in comparison to previous studies could be influenced by the intensity of the sampling and the evidence about the remarkable influence of the sample type.</subfield>
</datafield>
<datafield tag="024" ind2=" " ind1="8">
<subfield code="a">Microorganisms,  2021, Vol. 9, Nº. 12, 2565</subfield>
</datafield>
<datafield tag="024" ind2=" " ind1="8">
<subfield code="a">2076-2607</subfield>
</datafield>
<datafield tag="024" ind2=" " ind1="8">
<subfield code="a">https://uvadoc.uva.es/handle/10324/59062</subfield>
</datafield>
<datafield tag="024" ind2=" " ind1="8">
<subfield code="a">10.3390/microorganisms9122565</subfield>
</datafield>
<datafield tag="024" ind2=" " ind1="8">
<subfield code="a">2565</subfield>
</datafield>
<datafield tag="024" ind2=" " ind1="8">
<subfield code="a">12</subfield>
</datafield>
<datafield tag="024" ind2=" " ind1="8">
<subfield code="a">Microorganisms</subfield>
</datafield>
<datafield tag="024" ind2=" " ind1="8">
<subfield code="a">9</subfield>
</datafield>
<datafield tag="024" ind2=" " ind1="8">
<subfield code="a">2076-2607</subfield>
</datafield>
<datafield ind1=" " ind2=" " tag="653">
<subfield code="a">Pinos - Enfermedades y plagas</subfield>
</datafield>
<datafield ind1=" " ind2=" " tag="653">
<subfield code="a">Árboles - Enfermedades y plagas</subfield>
</datafield>
<datafield ind1=" " ind2=" " tag="653">
<subfield code="a">Pinos - España</subfield>
</datafield>
<datafield ind1=" " ind2=" " tag="653">
<subfield code="a">Bosques y silvicultura - España</subfield>
</datafield>
<datafield ind1=" " ind2=" " tag="653">
<subfield code="a">Bosques y silvicultura - América del Norte</subfield>
</datafield>
<datafield tag="245" ind1="0" ind2="0">
<subfield code="a">Comparison of Diplodia tip blight pathogens in Spanish and North American pine ecosystems</subfield>
</datafield>
</record></metadata></record></GetRecord></OAI-PMH>